Language Quiz

Random Language Quiz

Rhymes with 'Ford' - non-rhotic Quiz Stats

Quiz not verified by Sporcle

Also try: -ord Definitions
Challenge
Share
Tweet
Embed
Score 0/46 Timer 04:00
0 Plays Today
% Correct
bored
96.5%
board
94.2%
lord
87%
poured
86.1%
cord
83.2%
stored
81.4%
hoard
81.2%
floored
79.7%
gored
76.5%
shored
75.9%
chord
72.5%
roared
71.9%
soared
70.1%
sword
69.9%
scored
69.6%
spored
68.7%
snored
65.8%
moored
64.3%
pored
63.8%
cored
63.5%
gourd
59.1%
ward
54.2%
horde
45.5%
% Correct
oared
43.8%
whored
42.9%
toured
40.2%
fjord
39.1%
warred
34.5%
clawed
19.7%
flawed
18.8%
awed
18%
broad
17.1%
pawed
16.8%
gnawed
15.7%
jawed
15.4%
cawed
13.6%
hawed
13.3%
lured
12.1%
thawed
11.3%
bawd
8.4%
sward
8.4%
fraud
7.2%
laud
7.2%
baud
7%
yawed
6.7%
cured
4.3%

You're not logged in!

Compare scores with friends on all Sporcle quizzes.
Sign Up with Email
OR
Log In

You Might Also Like...

Show Comments

Extras

Top Quizzes Today


Score Distribution

Your Account Isn't Verified!

In order to create a playlist on Sporcle, you need to verify the email address you used during registration. Go to your Sporcle Settings to finish the process.